|
|
|
|
| LEADER |
00903nta a2200229 i 4500 |
| 001 |
dipl85778 |
| 005 |
20200521090939.0 |
| 008 |
200520s2019 hu om 0|| zxx d |
| 040 |
|
|
|a SZTE Diploma Repozitórium
|b hun
|
| 041 |
|
|
|a zxx
|
| 100 |
1 |
|
|a Kohlmann Lilla
|
| 245 |
1 |
0 |
|a Stroke-os betegek egyensúlyi paramétereinek változása alsó végtag erősítés hatására
|h [elektronikus dokumentum] /
|c Lilla Kohlmann
|
| 246 |
1 |
0 |
|a Changes of balance parameters after lower limb strengthening with stroke patients
|h [elektronikus dokumentum]
|
| 260 |
|
|
|c 2019
|
| 650 |
|
4 |
|a Orvos- és egészségtudományok
|
| 650 |
|
4 |
|a Medical and health sciences
|
| 650 |
|
4 |
|a Sport and fitness sciences
|
| 650 |
|
4 |
|a Physical medicine
|
| 650 |
|
4 |
|a Rehabilitation
|
| 650 |
|
4 |
|a Nursing
|
| 700 |
1 |
|
|a Benda Csenger
|e ths
|
| 856 |
4 |
0 |
|u http://diploma.bibl.u-szeged.hu/id/eprint/85778/1/2019_kohlmann_lilla.pdf
|z Dokumentum-elérés
|